00427 2200169 4500001002100000005001500021008004100036035001900077041000700096082001000103090001600113100001400129245002400143260003100167300001800198650004100216INLIS00000000001811720241224115437241224||||||||| | ||| |||| || |  0010-1224018117 aid0 a633.7 a633.7 MUL b0 aDaryanto.00aBERCOCOK TANAM PADI aSemarangbAneka Ilmuc1989 a68hlm;13x19cm 0aPertanian & Teknologi Yang Berkaitan